Systém vzdelávania pracovníkov v spoločnosti WÜSTENROT poisťovňa, a.s. diplomová práca

Gespeichert in:
Bibliographische Detailangaben
1. Verfasser: Mráz, Štefan
Körperschaft: Podnikovohospodárska fakulta EU so sídlom v Košiciach. Katedra manažmentu
Weitere Verfasser: Bašistová, Alena
Format: Buch
Sprache:Slowakisch
Veröffentlicht: Košice 2008
Tags: Tag hinzufügen
Keine Tags, Fügen Sie das erste Tag hinzu!

MARC

LEADER 00000nam$a2200000$$$4500
001 0080037
005 20240201120448.6
041 0 |a slo 
044 |a SK 
245 1 0 |a Systém vzdelávania pracovníkov v spoločnosti WÜSTENROT poisťovňa, a.s.  |b diplomová práca  |c Štefan Mráz ; škol. Alena Bašistová 
264 1 |a Košice  |c 2008 
300 |a 69 s. 
100 1 |a Mráz, Štefan 
700 1 |a Bašistová, Alena 
710 2 |a Podnikovohospodárska fakulta EU so sídlom v Košiciach. Katedra manažmentu